Darts Major Gewinner 2023 - Statistiken

Allgemein
  • Dieses Quiz wurde 442 mal gespielt
  • Das Durchschnittsergebnis liegt bei 8 aus 11
Antwortstatistiken
Turnier Spieler % Korrekt
PDC World Darts Championship Michael Smith
96%
Premier League Darts Michael van Gerwen
88%
Grand Slam of Darts Luke Humphries
77%
Players Championship Finals Luke Humphries
76%
World Cup of Darts Gerwyn Price & Jonny Clayton
75%
World Grand Prix Luke Humphries
75%
UK Open Andrew Gilding
73%
World Matchplay Nathan Aspinall
73%
World Series of Darts Finals Michael van Gerwen
71%
European Darts Championship Peter Wright
69%
The Masters Chris Dobey
67%
Keine übereinstimmenden Quizze gefunden
Verteilung der Resultate
Anzahl Personen mit jedem Resultat
Perzentil nach korrekt beantworteten Fragen
Ihre Resultats-Entwicklung
Sie haben dieses Quiz noch nicht gespielt